| 000 | 00525nam a2200181 a 4500 | ||
|---|---|---|---|
| 005 | 20210223121901.0 | ||
| 008 | 991125s1978 ea 000 0 eng u | ||
| 020 | _a038512354X | ||
| 035 | _aUPN01000025427 | ||
| 049 | _aCG | ||
| 050 | 4 |
_aPN6231 P6 _bP3.4 |
|
| 100 | 1 | _aParker, John F. | |
| 245 | 1 | 4 |
_aThe fun and laughter of politics / _cJohn F. Parker. |
| 260 |
_aNew York (E.U.A.) : _bDoubleday, _c1978. |
||
| 300 | _a320 p. | ||
| 650 | 4 |
_aCIENCIAS POLITICAS - _vANECDOTAS, CHISTES, SATIRAS, ETC. _910159 |
|
| 905 | _aLibro | ||
| 999 |
_c25427 _d25427 |
||